| Tag |
First Indicator |
Second Indicator |
Subfields |
| LEADER |
00000cam a2200000Ii 4500 |
| 001 |
in00003852521 |
| 005 |
20170926115937.0 |
| 008 |
161019s2017 enka 000 0 eng d |
| 020 |
|
|
|a 9781785510793
|
| 020 |
|
|
|a 1785510797
|
| 035 |
|
|
|a (OCoLC)ocn960494562
|
| 040 |
|
|
|a YDX
|e rda
|c YDX
|d COO
|d NGA
|d UtOrBLW
|
| 043 |
|
|
|a e-uk-en
|
| 049 |
|
|
|a TXAM
|
| 050 |
|
4 |
|a NA5471.C5
|b H63 2017
|
| 100 |
1 |
|
|a Hodge, Jessica,
|e author.
|0 http://id.loc.gov/authorities/names/n99055819
|
| 245 |
1 |
0 |
|a Chester Cathedral /
|c text by Jessica Hodge.
|
| 264 |
|
1 |
|a London :
|b Scala Arts & Heritage Publishers Ltd.,
|c 2017.
|
| 300 |
|
|
|a 72 pages :
|b color illustrations ;
|c 25 cm.
|
| 336 |
|
|
|a text
|b txt
|2 rdacontent
|
| 336 |
|
|
|a still image
|b sti
|2 rdacontent
|
| 337 |
|
|
|a unmediated
|b n
|2 rdamedia
|
| 338 |
|
|
|a volume
|b nc
|2 rdacarrier
|
| 610 |
2 |
0 |
|a Chester Cathedral.
|0 http://id.loc.gov/authorities/names/n87896161
|
| 650 |
|
0 |
|a Church decoration and ornament
|z England
|z Chester.
|
| 650 |
|
0 |
|a Christian art and symbolism
|z England
|z Chester.
|
| 651 |
|
0 |
|a Chester (England)
|x Buildings, structures, etc.
|
| 945 |
|
|
|b 113289
|
| 947 |
|
|
|a A14850157828
|
| 948 |
|
|
|a cataloged
|b h
|c 2017/5/30
|d c
|e dmitchel
|f 1:50:30 pm
|
| 994 |
|
|
|a 92
|b TXA
|
| 999 |
f |
f |
|s bda3e4c5-1601-3c82-a6dc-d9d36a9352d7
|i a5ec3f9a-1264-36e4-8eff-d654582a8b22
|t 0
|
| 952 |
f |
f |
|p normal
|a Texas A&M University
|b College Station
|c Sterling C. Evans Library
|d Evans: Library Stacks
|t 0
|e NA5471.C5 H63 2017
|h Library of Congress classification
|i unmediated -- volume
|m A14850157828
|
| 998 |
f |
f |
|a NA5471.C5 H63 2017
|t 0
|l Evans: Library Stacks
|